| 000 | 00400cam a22001337a 4500 | ||
|---|---|---|---|
| 008 | 180718b1986 xxu||||| |||| 00| 0 eng d | ||
| 082 | _aAPPPA 85-86 BHA/R | ||
| 100 | _aBhargava, D.N. | ||
| 245 |
_aRural water supply and sanitation _cby D.N. Bhargava |
||
| 260 |
_aNew Delhi _bIndian Institute of Public Administration _c1986 |
||
| 300 | _a68p. | ||
| 650 | _aSanitation | ||
| 650 | _aRural water supply | ||
| 999 |
_c501399 _d501399 |
||